| 000 | 00686nam a2200169Ia 4500 | ||
|---|---|---|---|
| 008 | 090711s9999 xx 000 0 und d | ||
| 082 | _b64339 | ||
| 100 | _aपंडित नलिनी | ||
| 245 | _aमहाराष्ट्रातील राष्ट्रवादाSाा विकास | ||
| 260 | _c1972 | ||
| 300 | _a274 | ||
| 600 | _aपंडित नलिनी | ||
| 630 | _aमहाराष्ट्रातील राष्ट्रवादाSाा विकास | ||
| 700 | _aपंडित नलिनी | ||
| 730 | _aमहाराष्ट्रातील राष्ट्रवादाSाा विकास | ||
| 942 | _cBOOK | ||
| 999 |
_c333028 _d333028 |
||